000 00762nam a2200241Ia 4500
003 OSt
005 20220925230408.0
006 a|||||r|||| 00| 0
007 ta
008 220923b |||||||| |||| 00| 0 eng d
020 _c952.88
037 _b10797, 28/09/2012, Elite Publisher Distributors
_cGeneral Book
040 _aRTL
_cRTL
_beng
041 _2eng
_aeng
082 _aY9(X991), Q2
100 _aHARVEY David
_923597
245 0 _aRebel cities
_b From the right to the city to the urban revolution
260 _aLondon
_bVerso
_c2012
300 _axviii, 187p
_ccm.
650 _aGeography
942 _hY9(X991), Q2
_cGB
_2CC
999 _c585388
_d585388